Science Quiz

Random Science or Physics Quiz

'G' Element Symbols Quiz Stats

 Plays Quiz not verified by Sporcle

Challenge
Share
Tweet
Embed
Score 0/9 Timer 02:00
0 Plays Today
Atomic Number Element % Correct
32Germanium
90.8%
31Gallium
89.9%
47Silver
88.7%
12Magnesium
84.9%
80Mercury
82.7%
64Gadolinium
71.8%
106Seaborgium
68.1%
111Roentgenium
60.3%
118Oganesson
56.7%

You're not logged in!

Compare scores with friends on all Sporcle quizzes.
OR
Log In

You Might Also Like...

Show Comments

Extras

Top Quizzes Today


Score Distribution

Your Account Isn't Verified!

In order to create a playlist on Sporcle, you need to verify the email address you used during registration. Go to your Sporcle Settings to finish the process.

Report this User

Report this user for behavior that violates our Community Guidelines.

Details: